| 000 | 00634nam a2200193 i 4500 | ||
|---|---|---|---|
| 001 | 34768 | ||
| 003 | ES-MaACL | ||
| 005 | 20250913171946.0 | ||
| 007 | t| | ||
| 008 | 030211s1954 sp ||||1| spa d | ||
| 100 | 1 |
_aBonjour, Edgar. _930206 |
|
| 245 | 1 | 3 |
_aLa neutralidad suiza _b: su historia y significado / _cEdgar Bonjour ; [adaptación española por R. Aramon y Serra y A. Steiger]. |
| 260 |
_aMadrid : _b[s.n., _c1954] ( _fImp. Ograma) |
||
| 300 |
_a204 p. ; _c19 cm. |
||
| 700 | 1 |
_aAramon i Serra, R., _d1907-2000 _922236 |
|
| 700 | 1 |
_aSteiger, A. _9108016 |
|
| 852 |
_aES-MaACL _jC-8809 _bR.36762 |
||
| 999 |
_c34768 _d34768 |
||